Eastern Utah Libraries Catalog: Duchesne, Heber, Roosevelt, & Vernal

Frank Einstein and the Electro-Finger / (Record no. 192032)

MARC details
000 -LEADER
fixed length control field 01556nam a22003858i 4500
001 - CONTROL NUMBER
control field BK0015656065
003 - CONTROL NUMBER IDENTIFIER
control field DLC
005 - DATE AND TIME OF LATEST TRANSACTION
control field 20241220161526.0
008 - FIXED-LENGTH DATA ELEMENTS--GENERAL INFORMATION
fixed length control field 140812s2015 nyu c 000 1 eng
010 ## - LIBRARY OF CONGRESS CONTROL NUMBER
LC control number 2014029591
020 ## - INTERNATIONAL STANDARD BOOK NUMBER
International Standard Book Number 9781419714832 : HRD
Terms of availability $13.95
020 ## - INTERNATIONAL STANDARD BOOK NUMBER
International Standard Book Number 141971483X : HRD
Terms of availability $13.95
Cancelled/invalid ISBN 9781613127582 (ebook)
037 ## - SOURCE OF ACQUISITION
Source of stock number/acquisition Harry N Abrams Inc, C/O Hachette Book Group USA 121 N Enterprise Blvd, Lebanon, IN, USA, 46025-8193
Note SAN 200-2205
040 ## - CATALOGING SOURCE
Original cataloging agency DLC
Language of cataloging eng
Description conventions rda
050 00 - LIBRARY OF CONGRESS CALL NUMBER
Classification number PZ7.S41267
Item number Fs 2015
082 00 - DEWEY DECIMAL CLASSIFICATION NUMBER
Classification number [Fic]
Edition number 23
092 ## - LOCALLY ASSIGNED DEWEY CALL NUMBER (OCLC)
Classification number FIC
100 1# - MAIN ENTRY--PERSONAL NAME
Personal name Scieszka, Jon.
245 10 - TITLE STATEMENT
Title Frank Einstein and the Electro-Finger /
Statement of responsibility, etc Jon Scieszka ; illustrated by Brian Biggs.
260 ## - PUBLICATION, DISTRIBUTION, ETC. (IMPRINT)
Name of publisher, distributor, etc Harry N Abrams Inc
Date of publication, distribution, etc 2015
263 ## - PROJECTED PUBLICATION DATE
Projected publication date 1503
264 #1 - Production, Publication, Distribution, Manufacture, and Copyright Notice.
Place of production, publication, distribution, manufacture New York :
Name of producer, publisher, distributor, manufacturer Amulet Books,
Date of production, publication, distribution, manufacture, or copyr 2015.
300 ## - PHYSICAL DESCRIPTION
Extent 208 p. ;
336 ## - Content Type
Content type term text
337 ## - Media type
Media type term unmediated
338 ## - Carrier type
Carrier type term volume
490 0# - SERIES STATEMENT
Series statement Frank Einstein ;
Volume number/sequential designation [2]
520 ## - SUMMARY, ETC.
Summary, etc "Frank Einstein (kid-genius scientist and inventor) and his best friend, Watson, along with intelligent robots Klink and Klank once again find themselves in competition with T. Edison, their classmate and archrival--this time in the quest to unlock the power behind the science of energy"--
-- Provided by publisher.
650 #1 - SUBJECT ADDED ENTRY--TOPICAL TERM
Topical term or geographic name as entry element Robots
Form subdivision Fiction.
9 (RLIN) 5680224
650 #1 - SUBJECT ADDED ENTRY--TOPICAL TERM
Topical term or geographic name as entry element Inventors
Form subdivision Fiction.
9 (RLIN) 5673703
650 #1 - SUBJECT ADDED ENTRY--TOPICAL TERM
Topical term or geographic name as entry element Power resources
Form subdivision Fiction.
9 (RLIN) 5694738
650 #1 - SUBJECT ADDED ENTRY--TOPICAL TERM
Topical term or geographic name as entry element Humorous stories.
650 #1 - SUBJECT ADDED ENTRY--TOPICAL TERM
Topical term or geographic name as entry element Science fiction.
700 1# - ADDED ENTRY--PERSONAL NAME
Personal name Biggs, Brian,
Relator term illustrator.
9 (RLIN) 5875457
Holdings
Withdrawn status Lost status Source of classification or shelving scheme Damaged status Not for loan Collection code Home library Current library Shelving location Date acquired Source of acquisition Cost, normal purchase price Total Checkouts Total Renewals Full call number Barcode Date last seen Date checked out Cost, replacement price Price effective from Koha item type
    Dewey Decimal Classification     Junior Fiction Wasatch County Library Wasatch County Library Main Floor Junior Area 04/09/2015   13.95 22 13 J Scieszka 34301001206749 08/18/2025 08/08/2025 13.95 03/20/2020 BOOK
This project was made possible through a grant from the Institute of Museum and Library Service administered by the Utah State Library Division.

Wasatch County Library

  • 465 East 1200 South, Heber City, Utah 84032
  • Phone 435-654-1511 | Fax 435-654-6456

Hours

  • Monday - Friday 9:30 AM - 8:00 PM
  • Saturday 9:30 AM - 1:30 PM
  • Closed Sundays and Holidays